Super Smash Bros. Characters on a Mural - Statistics

General Stats
  • This quiz has been taken 243 times
  • The average score is 72 of 86
Answers on the Map
Answers color-coded by a green-red scale on the quiz's map according to % correct below.
 
Answer Stats
Answer % Correct
Mario
100%
Link
97%
Kirby
96%
Luigi
96%
Dr. Mario
95%
Pac-Man
95%
Sonic
95%
Yoshi
95%
Peach
94%
Steve
94%
Wario
94%
Bowser
93%
Donkey Kong
93%
Daisy
92%
Mega Man
92%
Samus
92%
Ken
91%
Pikachu
91%
Piranha Plant
91%
Diddy Kong
90%
Pokémon Trainer
90%
Ice Climbers
89%
Snake
89%
Toon Link
89%
Falco
88%
Meta Knight
88%
Mewtwo
88%
Wii Fit Trainer
88%
Banjo & Kazooie
87%
Bowser Jr.
87%
Fox
87%
Lucario
87%
Mr. Game & Watch
87%
Ryu
87%
Zelda
87%
Jigglypuff
86%
Ness
86%
Pichu
86%
Captain Falcon
85%
Dark Samus
85%
Greninja
85%
King K. Rool
85%
Rosalina & Luma
85%
Villager
85%
Bayonetta
84%
Ganondorf
84%
Zero Suit Samus
84%
Cloud
83%
King Dedede
83%
Olimar
83%
Pit
83%
Wolf
83%
Dark Pit
82%
Isabelle
82%
Young Link
82%
Ike
81%
Inkling
81%
Little Mac
81%
Lucas
81%
Ridley
80%
Duck Hunt
78%
Marth
78%
Roy
78%
Sheik
78%
Joker
77%
Mii Brawler
77%
Mii Gunner
77%
Hero
75%
Incineroar
75%
Sora
75%
Simon
74%
Mii Swordfighter
72%
Palutena
72%
Sephiroth
72%
Min Min
71%
R.O.B.
71%
Richter
70%
Shulk
70%
Pyra/Mythra
69%
Chrom
68%
Lucina
68%
Robin
68%
Terry
68%
Corrin
67%
Byleth
66%
Kazuya
66%
No matching quizzes found
Score Distribution
Percent of People with Each Score
Percentile by Number Answered
Your Score History
You have not taken this quiz